Microbiology (Record no. 14635)
[ view plain ]
| 000 -LEADER | |
|---|---|
| fixed length control field | 00318nam a22001337a 4500 |
| 020 ## - INTERNATIONAL STANDARD BOOK NUMBER | |
| ISBN | 9780074623206 |
| 082 ## - DEWEY DECIMAL CLASSIFICATION NUMBER | |
| Classification number | 576 |
| Item number | PEL/MI |
| 100 ## - MAIN ENTRY--AUTHOR NAME | |
| Personal name | Pelczar,Michael J. |
| 245 ## - TITLE STATEMENT | |
| Title | Microbiology |
| 250 ## - EDITION STATEMENT | |
| Edition statement | 5 th |
| 260 ## - PUBLICATION, DISTRIBUTION, ETC. (IMPRINT) | |
| Place of publication | New Delhi |
| Name of publisher | Tata Mcgraw Hill EducationPrivate Limited |
| Year of publication | 2011 |
| 300 ## - PHYSICAL DESCRIPTION | |
| Number of Pages | 918 |
| 942 ## - ADDED ENTRY ELEMENTS (KOHA) | |
| Koha item type | Books |
No items available.
